En caso de amor. Psicopatología de la vida amorosa.
I tiakina i:
| Kaituhi matua: | |
|---|---|
| Ētahi atu kaituhi: | |
| Hōputu: | Tē mōhiotia |
| I whakaputaina: |
Buenos Aires, Argentina:
Nocturna,
2018.
|
| Ngā marau: | |
| Ngā Tūtohu: |
Tāpirihia he Tūtohu
Kāore He Tūtohu, Me noho koe te mea tuatahi ki te tūtohu i tēnei pūkete!
|
MARC
| LEADER | 00000 a2200000 4500 | ||
|---|---|---|---|
| 003 | CL-VaPUC | ||
| 005 | 20230330114027.0 | ||
| 008 | 230307t2018 ||||| |||| 00| 0 eng d | ||
| 999 | |c 440035 |d 440033 | ||
| 020 | |a 978-987-42-9514-4 | ||
| 040 | |c Pontificia Universidad Católica de Valparaíso | ||
| 082 | |2 22 |a 150.1952 DUF 2018 | ||
| 100 | |a Dufourmantelle, Anne |9 523500 |e autora | ||
| 245 | 1 | |a En caso de amor. |b Psicopatología de la vida amorosa. | |
| 260 | |a Buenos Aires, Argentina: |b Nocturna, |c 2018. | ||
| 300 | |a 215 páginas. | ||
| 583 | |k GC |c 20230307 | ||
| 650 | 0 | |9 265702 |a Psicoanálisis |x Casos de vida |x Estado de enamoramiento | |
| 650 | 0 | |9 880471 |a Sistema freudiano |x Experiencias de vida |x Amor | |
| 700 | |a Macció, Karina |9 880435 |e traductora | ||
| 942 | |2 ddc |c BK | ||
| 952 | |0 0 |1 0 |2 ddc |4 0 |6 150_195200000000000_DUF_2018 |7 0 |8 A |9 588886 |a BIBART |b BIBART |c GEN |d 2023-03-07 |e 135 |g 27600.00 |i 5656558 |l 1 |o 150.1952 DUF 2018 |p 5656558 |q 2025-07-31 |r 2025-04-16 |s 2025-04-16 |t 1 |v 27600.00 |w 2023-03-07 |y BK |k ART | ||